00621nam a2200181 4500008004100000100003300041245010100074260006100175300002800236440003400264504002900298650001800327650004100345650002600386003000100412005001700413040000900430  aVassilatou-Thanopoulos, Elly10aFinancial analysis techniques for equipment replacement decisions/cElly Vassilatou-Thanopoulous aNew York,bNational Association of Accountants,c[c1965] a67 p. :bill. ;c22 cm. aNAA research monographvno.1. aIncludes bibliographies. 0aDepreciation. 0aReplacement of industrial equipment. 0aFinancial statements.20230123134238.0 cNUST